|
|
|
|
| LEADER |
00000nab a2200000 a 4500 |
| 001 |
vtls009514691 |
| 003 |
SK-MaSNL |
| 005 |
20260303060724.0 |
| 008 |
090520 2009 xo m p 000 0 slo |
| 015 |
|
|
|a SNBRB 2009/05
|
| 038 |
|
|
|a KEKMK
|
| 040 |
|
|
|a KEKMK
|b slo
|c KEKMK
|e AACR2
|
| 041 |
|
|
|a slo
|
| 044 |
|
|
|a xo
|c SK
|
| 080 |
|
|
|a 82-93
|2 2001
|
| 100 |
1 |
|
|a Saniga, Miroslav,
|d 1964-
|4 aut
|9 103655
|
| 245 |
1 |
0 |
|a Ako sa sýkorčiatko Zvedavčiatko zoznámilo s murárikom Šplháčikom
|c Miroslav Saniga
|
| 650 |
0 |
7 |
|a literatúra pre deti a mládež
|2 kekmk
|9 21893
|
| 773 |
0 |
|
|t Včielka : časopis pre najmenších
|g Roč. 51, č.9 máj (2009), s.19
|x 1335-6488
|
| 958 |
|
|
|a DB
|
| 999 |
|
|
|c 1732608
|d 1734538
|